000 05616nam a22004577a 4500
005 20120622115113.0
010 _aB-485179-198
020 _a9780143414940
_c375.00
035 _aB-485179-198
037 _bके.के.पब्लिकेशंस
082 _a
100 _aनायपॉल, वी.एस.
_953460
245 _aए हाउस फॉर मिस्टर बिस्वास/
_cवी.एस. नायपॉल; नवेद अकबर द्वारा अनुदित
260 _aनई दिल्ली
_bपेंगुइन बुक्स
_c2011
270 _a11, कम्युनिटी सेंटर,पंचशील पार्क
_bनई दिल्ली
_e110017
300 _axvi,650 पृ.
_c22 सें.मी.(अजिल्द)
700 _aनवेद अकबर
_949436
942 _2ddc
_cHN
_mनायपॉ
_h
999 _c68110
_d68110